ADVERTISING CONCEPT BOOK THINK NOW DESIGN LATER A (Record no. 28981)
[ view plain ]
| 000 -LEADER | |
|---|---|
| fixed length control field | 00392nam a2200145Ia 4500 |
| 008 - FIXED-LENGTH DATA ELEMENTS--GENERAL INFORMATION | |
| fixed length control field | 240624s9999 xx 000 0 und d |
| 041 ## - LANGUAGE CODE | |
| Language code of text/sound track or separate title | eng |
| 082 ## - DEWEY DECIMAL CLASSIFICATION NUMBER | |
| Classification number | 659.1 HUD |
| 100 ## - MAIN ENTRY--PERSONAL NAME | |
| Personal name | BARRY PETE |
| 245 ## - TITLE STATEMENT | |
| Title | ADVERTISING CONCEPT BOOK THINK NOW DESIGN LATER A |
| 250 ## - EDITION STATEMENT | |
| Edition statement | (2nd Revised & Expanded) |
| 260 ## - PUBLICATION, DISTRIBUTION, ETC. | |
| Date of publication, distribution, etc. | 2012 |
| Place of publication, distribution, etc. | London |
| Name of publisher, distributor, etc. | Thames & Hudson |
| 300 ## - PHYSICAL DESCRIPTION | |
| Extent | ill. 296 p.; 24 cm. |
| 365 ## - TRADE PRICE | |
| Currency code | |
| Price amount | 38 |
| Withdrawn status | Lost status | Damaged status | Not for loan | Home library | Current library | Shelving location | Date acquired | Cost, normal purchase price | Full call number | Barcode | Date last seen | Copy number | Price effective from | Koha item type |
|---|---|---|---|---|---|---|---|---|---|---|---|---|---|---|
| IMTN | IMTN | Rack 35-B | 08/21/2017 | 31.95 | 659.1 HUD | 28981 | 06/24/2024 | 66.7 | 06/24/2024 | Books |